| Tag |
First Indicator |
Second Indicator |
Subfields |
| LEADER |
00000cam a2200000 a 4500 |
| 001 |
in00000016668 |
| 005 |
20151007052829.0 |
| 008 |
880106s1987 nyuaeh b 00110 eng d |
| 010 |
|
|
|a 87045386
|
| 020 |
|
|
|a 084780805X
|
| 035 |
|
|
|a (OCoLC)17311577
|
| 035 |
|
|
|9 AAA9362AM
|
| 040 |
|
|
|a CUY
|c CUY
|d IXA
|d OCL
|d TXA
|d UtOrBLW
|
| 041 |
1 |
|
|a eng
|h ita
|
| 049 |
|
|
|a TXAM
|c [A12609825]
|
| 050 |
|
4 |
|a NA682.M6
|b B676 1987
|
| 100 |
1 |
|
|a Borsi, Franco.
|
| 245 |
1 |
4 |
|a The monumental era :
|b European architecture and design 1929-1939 /
|c Franco Borsi.
|
| 264 |
|
1 |
|a New York :
|b Rizzoli,
|c 1987.
|
| 300 |
|
|
|a 207 pages :
|b illustrations (some color), plans, facsimiles ;
|c 31 cm.
|
| 336 |
|
|
|a text
|b txt
|2 rdacontent
|
| 337 |
|
|
|a unmediated
|b n
|2 rdamedia
|
| 338 |
|
|
|a volume
|b nc
|2 rdacarrier
|
| 500 |
|
|
|a Translated from the Italian.
|
| 504 |
|
|
|a Bibliography: pages 201-202.
|
| 500 |
|
|
|a Includes index.
|
| 650 |
|
0 |
|a Design
|z Europe
|x History
|y 20th century.
|
| 650 |
|
0 |
|a Architecture
|z Europe
|x History
|y 20th century.
|
| 999 |
|
|
|a MARS
|
| 999 |
f |
f |
|s 2fef0bb6-e923-338f-b31a-0e64833958c2
|i 274fbd65-2e64-339c-ae6f-eaf493b20fb9
|t 0
|
| 952 |
f |
f |
|p ric
|a Texas A&M University
|b Rellis Campus
|c Joint Library Facility
|d Remote Storage
|t 0
|e NA682.M6 B676 1987
|h Library of Congress classification
|i unmediated -- volume
|m A14812609825
|
| 998 |
f |
f |
|a NA682.M6 B676 1987
|t 0
|l Remote Storage
|